Bilecik Bilecik Bilecik Bilecik Bilecik

Gıda mikrobiyolojisi : (Record no. 51555)

MARC details
000 -BAŞLIK
Sabit Uzunluktaki Kontrol Alanı 01122nam a22003257a 4500
001 - KONTROL NUMARASI
Control Dosyası 0051735
003 - KONTROL NUMARASI KİMLİĞİ
Kontrol Alanı KOHA_MİRAKIL
005 - EN SON İŞLEM TARİHİ ve ZAMANI
Kontrol Alanı 20260207003816.0
007 - FİZİKSEL TANIM SABİT ALAN - GENEL BİLGİ
Sabit uzunluklu kontrol alanı ta
008 - SABİT UZUNLUKTAKİ VERİ ÖGELERİ - GENEL BİLGİ
Sabit Alan 150629b2006 tu a|||gr||||#||||0|tur |
020 ## - ISBN - ULUSLARARASI STANDART KİTAP NUMARASI
Isbn 9750401905
040 ## - KATALOGLAMA KAYNAĞI
Özgün Kataloglama Kurumu TR-BiSEU
Kataloglama Dili tur
Çeviri Kurumu TR-BiSEU
Açıklama Kuralları rda
041 0# - DİL KODU
Metin ya da ses kaydının dil kodu tur
044 ## - YAYINLAYAN/ÜRETEN KURULUŞUN ÜLKE KODU
ISO country code tu
050 ## - SINIFLAMA ve YER NUMARASI
Sınıflama Numarası QR115
Yer Numarası .P53 2006
100 1# - KİŞİ ADI
Yazar Adı (Kişi adı) Pichhardt, Klaus.
240 10 - TEK BİÇİM BAŞLIK
Tekbiçim Başlık <a href="Lebensmittelmikrobiologie">Lebensmittelmikrobiologie</a>
Language of a work Türkçe
245 1# - ESER ADI BİLDİRİMİ
Başlık Gıda mikrobiyolojisi :
Alt Eseradı vb. gıda endüstrisi için temel esaslar ve uygulamalar =
-- Lebensmittelmikrobiologie/
Sorumluluk Bildirimi Klaus Pichhardt ; Klaus Pichhardt ; çeviren Yılmaz Sekin, Nural Karagözlü.
250 ## - BASIM BİLDİRİMİ
Basım Bildirimi 2. Baskı
264 #1 - ÜRERİM, YAYIN, DAĞITIM ve TELİF BİLDİRİMİ
Yayın yeri İstanbul :
Yayınlayan Literatür Yayıncılık
Yayın tarihi 2006
300 ## - FİZİKSEL TANIMLAMA
Sayfa, Cilt vb. XXIV, 258 sayfa :
Diğer fiziki detaylar resimli
336 ## - İÇERİK TÜRÜ
Content type term metin
Content type code txt
Source rdacontent
337 ## - MEDYA TÜRÜ
Media type term aracısız
Media type code n
Source rdamedia
338 ## - TAŞIYICI TÜRÜ
Carrier type term cilt
Carrier type code nc
Source rdacarrier
490 1# - DİZİ BİLDİRİMİ
Dizi Bildirimi Literatür Yayınları ;
Cilt Numarası 115.
500 ## - GENEL NOT
Genel Not Dizin var.Kaynakça var.
650 #0 - KONU BAŞLIĞI EK GİRİŞ - KONU TERİMİ
Konusal terim veya coğrafi ad Gıda maddeleri Mikrobiyoloji.Food--Microbiology.
9 (RLIN) 95856
830 1# - SERİ EK GİRİŞİ - TEKBİÇİM ESER ADI
Tekbiçim Başlık Literatür Yayınları ;
Volume number/sequential designation 115.
9 (RLIN) 2203
942 ## - EK GİRİŞ ÖGELERİ (KOHA)
Source of classification or shelving scheme Library of Congress Classification
Koha item type Book
Holdings
Materyal Türü Kalıcı Konum Mevcut Konum Raf Yeri Sınıflandırma Kaynağı Edinim Bilgisi Ana Konular Alt Konular Yer Numarası Demirbaş Numarası Fatura Tarihi Maliyet, Alış Fiyatı Maliyet, Yenileme Fiyatı Geri Çekilme Durumu Kayıp Durumu Hasarlı Durumu Kredi için değil Kayıt Tarih Toplam Ödünçverme Son Görülme Tarihi Son Kontrol Tarihi Satın Alma Notu
Book Prof. Dr. Azmi Özcan Kütüphanesi Prof. Dr. Azmi Özcan Kütüphanesi Birûni Salonu Library of Congress Classification Satın BİLİM Mikrobiyoloji QR115 .P53 2006 0051735 07/07/2015 21.71 21.71         29/06/2015 3 05/12/2024 05/12/2024 B-984687 - B-984797